000 01008nam a22003377a 4500
001 0051700
003 KOHA_MİRAKIL
005 20260207003815.0
007 ta
008 150629b2013 tu a|||gr||||#||||0|tur |
020 _a9786051335292
040 _aTR-BiSEU
_btur
_cTR-BiSEU
_erda
041 0 _atur
044 _ctu
050 _aGE42
_b.Z47 2013
100 1 _aZerenler, Muammer.
245 1 _aYeşil pazarlama/
_cMuammer Zerenler ; Muammer Zerenler, Necla Kuduz.
264 1 _aAnkara :
_bNobel
_c2013
300 _aXVII, 318 sayfa :
_bresimli ;
_c24 cm.
336 _ametin
_btxt
_2rdacontent
337 _aaracısız
_bn
_2rdamedia
338 _acilt
_bnc
_2rdacarrier
490 0 _aNobel yayın no: 627.
490 0 _aİktisadi-idari bilimler nu: 127.
500 _aKaynakça var.
650 0 _aEnvironmental ethics.
_982396
650 0 _aBusiness ethics.
_98141
830 0 _aNobel yayın no: 627.
_996321
830 0 _aİktisadi-idari bilimler nu: 127.
_996322
942 _2lcc
_cBK
999 _c51520
_d51520